000 00600nam a22001697a 4500
005 20251108175141.0
008 250721s2012 xx 000 0 ara d
082 1 4 _aم/305.89561081/مرك
100 1 _aكرم، جون توفيق
245 1 0 _aزخرفة عربية من نوع آخر الإثنية السورية -اللبنانية في البرازيل النيوليبرالية /
264 1 _aبيروت :
_bمركز دراسات الوحدة العربية،
_c2012.
300 _a318ص.
650 1 7 _aالعرب
650 1 7 _aالبرازيل
942 _2ddc
_cREF
999 _c127360
_d127360